Statistiken für Landkreise und Kreisfreie Städte in Rheinland-Pfalz

Klicken Sie hier um das Quiz zu spielen!

Allgemein

  • Dieses Quiz wurde 66 mal gespielt
    (28 seit der letzten Aktualisierung)
  • Das Durchschnittsergebnis liegt bei 15 aus 36

Antwortstatistiken

HintAntwort% Korrekt
StadtKoblenz
94%
LandkreisAhrweiler
88%
StadtMainz
88%
LandkreisMainz-Bingen
88%
LandkreisKaiserslautern
81%
StadtKaiserslautern
81%
StadtLudwigshafen am Rhein
81%
StadtTrier
81%
StadtPirmasens
63%
StadtWorms
63%
LandkreisBad Dürkheim
56%
LandkreisBad Kreuznach
56%
LandkreisVulkaneifel
56%
StadtZweibrücken
56%
LandkreisKusel
50%
StadtNeustadt an der Weinstraße
44%
LandkreisNeuwied
44%
StadtSpeyer
44%
LandkreisBirkenfeld
38%
LandkreisGermersheim
31%
LandkreisSüdliche Weinstraße
31%
LandkreisBitburg-Prüm
25%
LandkreisRhein-Hunsrück-Kreis
25%
LandkreisRhein-Lahn-Kreis
25%
LandkreisBernkastel-Wittlich
19%
LandkreisCochem-Zell
19%
StadtFrankenthal (Pfalz)
19%
StadtLandau in der Pfalz
19%
LandkreisDonnersbergkreis
13%
LandkreisRhein-Pfalz-Kreis
13%
LandkreisSüdwestpfalz
13%
LandkreisWesterwaldkreis
13%
LandkreisTrier-Saarburg
6%
LandkreisAltenkirchen (Westerwald)
0%
LandkreisAlzey-Worms
0%
LandkreisMayen-Koblenz
0%

Verteilung der Resultate

Perzentil nach korrekt beantworteten Fragen

Anzahl Personen mit jedem Resultat

Ihre Resultats-Entwicklung

Sie haben dieses Quiz seit der letzten Aktualisierung nicht gespielt